| 000 | 00469nam a22001697a 4500 | ||
|---|---|---|---|
| 003 | NUST - PNEC | ||
| 005 | 20170116181130.0 | ||
| 008 | 151006b xxu||||| |||| 00| 0 eng d | ||
| 020 | _a8178296799 | ||
| 040 | _cLIBRARY | ||
| 082 | _a658 TIW | ||
| 100 |
_913892 _a Tiwari, Sanjay |
||
| 245 |
_aThe (un)common sense of management : _b five skills and a sixth sense _cSanjay Tiwari |
||
| 260 | _cc2006 | ||
| 650 |
_913746 _aManagement _xMIS, General |
||
| 942 |
_2ddc _cBK |
||
| 999 |
_c69904 _d69904 |
||